AKC Categories Quiz Stats

 Plays Quiz Updated Sep 13, 2019

Score 0/7 Timer 02:00
0 Plays Today
% Correct
Toy
86%
Terrier
66.1%
Working
65.8%
Hounds
62.2%
Sporting
61.7%
Herding
43.6%
Non-Sporting
33.5%

You're not logged in!

Compare scores with friends on all Sporcle quizzes.
OR
Log In

Sporcle TV

Today on Sporcle TV


Watch our educational content, quiz creation guides, and fun videos on Sporcle TV.

Show Comments

Extras

Top Quizzes Today


Score Distribution

Your Account Isn't Verified!

In order to create a playlist on Sporcle, you need to verify the email address you used during registration. Go to your Sporcle Settings to finish the process.

Report this User

Report this user for behavior that violates our Community Guidelines.

Details: